000 00440nam a2200145Ia 4500
008 240729s9999 xx 000 0 und d
245 0 _aJournal of King Saud University: Engineering Sciences
260 _aSaudi Arabia
260 _bElsevier
650 _a Engineering (General). Civil engineering (General)
650 _aTechnology
856 _uhttps://doaj.org/toc/6890ec2c4b62478badf3b918ddfe2064
942 _2ddc
942 _cDOAJEJ
999 _c71466
_d71466
945 _a1
_bMadushi Gamage
_c1
_dMadushi Gamage